| 000 | 00353 a2200157 4500 | ||
|---|---|---|---|
| 001 | 65352 | ||
| 020 | _a9788853000903 | ||
| 040 | _cAnchieta - Pituba | ||
| 100 | _aClemen, Gina D. B. | ||
| 240 | 1 | 0 |
_aThe Scarlet Letter _leng |
| 245 | 1 | 0 | _aThe Scarlet Letter |
| 300 | _a159 | ||
| 362 | 0 | _a2004 | |
| 650 | 4 | _aLiteratura juvenil em inglês | |
| 942 | _cBK | ||
| 999 |
_c65352 _d65352 |
||